| 000 | 01429nam a2200373 a 4500 | ||
|---|---|---|---|
| 001 | ebr10310818 | ||
| 003 | CaPaEBR | ||
| 006 | m u | ||
| 007 | cr cn||||||||| | ||
| 008 | 090623s2009 enka sb 001 0 eng d | ||
| 010 | _z 2009291609 | ||
| 015 |
_aGBA891459 _2bnb |
||
| 016 | 7 |
_z014674746 _2Uk |
|
| 020 | _z9781845115609 | ||
| 020 | _z1845115600 | ||
| 040 |
_aCaPaEBR _cCaPaEBR |
||
| 035 | _a(OCoLC)614596669 | ||
| 050 | 1 | 4 |
_aPN1998.3.K39 _bN48 2009eb |
| 082 | 0 | 4 |
_a791.430233092 _222 |
| 084 |
_a24.32 _2bcl |
||
| 100 | 1 | _aNeve, Brian. | |
| 245 | 1 | 0 |
_aElia Kazan _h[electronic resource] : _bthe cinema of an American outsider / _cBrian Neve. |
| 260 |
_aLondon ; _aNew York : _bI.B. Tauris ; _aNew York : _bDistributed in the USA by Palgrave Macmillan, _c2009. |
||
| 300 |
_axi, 252 p. : _bill. |
||
| 504 | _aIncludes bibliographical references (p. [233]-243) and index. | ||
| 533 |
_aElectronic reproduction. _bPalo Alto, Calif. : _cebrary, _d2013. _nAvailable via World Wide Web. _nAccess may be limited to ebrary affiliated libraries. |
||
| 600 | 1 | 0 |
_aKazan, Elia _xCriticism and interpretation. |
| 650 | 1 | 7 |
_aFilmkunst. _2gtt |
| 650 | 1 | 7 |
_aFilmregisseurs. _2gtt |
| 651 | 7 |
_aVerenigde Staten. _2gtt |
|
| 655 | 7 |
_aElectronic books. _2local |
|
| 710 | 2 | _aebrary, Inc. | |
| 856 | 4 | 0 |
_uhttp://site.ebrary.com/lib/rucke/Doc?id=10310818 _zAn electronic book accessible through the World Wide Web; click to view |
| 999 |
_c175931 _d175931 |
||